<?xml version="1.0" encoding="UTF-8"?>
<record
    xmlns:xsi="http://www.w3.org/2001/XMLSchema-instance"
    xsi:schemaLocation="http://www.loc.gov/MARC21/slim http://www.loc.gov/standards/marcxml/schema/MARC21slim.xsd"
    xmlns="http://www.loc.gov/MARC21/slim">

  <leader>01186nas a2200265 a 4500</leader>
  <controlfield tag="003">AR-RoUNA</controlfield>
  <datafield tag="022" ind1=" " ind2=" ">
    <subfield code="a">2796-8014</subfield>
  </datafield>
  <datafield tag="040" ind1=" " ind2=" ">
    <subfield code="a">AR-RoUNA</subfield>
  </datafield>
  <datafield tag="041" ind1=" " ind2=" ">
    <subfield code="a">spa</subfield>
  </datafield>
  <datafield tag="044" ind1=" " ind2=" ">
    <subfield code="a">ag</subfield>
  </datafield>
  <datafield tag="245" ind1="1" ind2="0">
    <subfield code="a">28mm</subfield>
    <subfield code="b">: Publicaci&#xF3;n de la C&#xE1;tedra de Proyecto Arquitect&#xF3;nico</subfield>
  </datafield>
  <datafield tag="260" ind1=" " ind2=" ">
    <subfield code="a">Rosario, Argentina,</subfield>
    <subfield code="b">FAPyD</subfield>
    <subfield code="c">2003-</subfield>
  </datafield>
  <datafield tag="300" ind1=" " ind2=" ">
    <subfield code="a">s/n</subfield>
    <subfield code="b">Cortes</subfield>
    <subfield code="b">fot. byn.</subfield>
    <subfield code="b">plantas</subfield>
  </datafield>
  <datafield tag="500" ind1=" " ind2=" ">
    <subfield code="a">Desde el a&#xF1;o 2002 la Revista 28mm expone los trabajos producidos en el Taller de Proyecto Arquitect&#xF3;nico I, Proyecto Arquitect&#xF3;nico II y Proyecto Final de Carrera [PFC]</subfield>
  </datafield>
  <datafield tag="650" ind1=" " ind2="4">
    <subfield code="a">Proyectos</subfield>
    <subfield code="9">2783</subfield>
  </datafield>
  <datafield tag="650" ind1=" " ind2="4">
    <subfield code="a">Obras</subfield>
  </datafield>
  <datafield tag="650" ind1=" " ind2="4">
    <subfield code="a">workshops</subfield>
    <subfield code="9">2637</subfield>
  </datafield>
  <datafield tag="650" ind1=" " ind2="4">
    <subfield code="a">Concursos</subfield>
    <subfield code="9">232</subfield>
  </datafield>
  <datafield tag="651" ind1=" " ind2="0">
    <subfield code="a">Rosario (Santa Fe, Argentina)</subfield>
    <subfield code="9">1246</subfield>
  </datafield>
  <datafield tag="856" ind1=" " ind2="4">
    <subfield code="u">https://rephip.unr.edu.ar/communities/83960e5d-64af-49f9-84bf-acaf1b3cab5c</subfield>
    <subfield code="y">Repositorio Hipermedial</subfield>
  </datafield>
  <datafield tag="866" ind1=" " ind2="1">
    <subfield code="a">(2002), (2007-2008), (2009-2010), (2010-2011), (2014-2020: n&#xBA;6), (2021-2023: n&#xBA;7), (2023-2024 n&#xBA;8). </subfield>
    <subfield code="z">A partir del a&#xF1;o 2014, la revista dej&#xF3; de publicarse en formato impreso y actualmente se encuentra disponible &#xFA;nicamente en formato digital.</subfield>
  </datafield>
  <datafield tag="942" ind1=" " ind2=" ">
    <subfield code="2">udc</subfield>
    <subfield code="c">RECC</subfield>
  </datafield>
  <datafield tag="945" ind1=" " ind2=" ">
    <subfield code="d">2025-10-22</subfield>
  </datafield>
  <datafield tag="980" ind1=" " ind2=" ">
    <subfield code="6">3</subfield>
    <subfield code="a">Germ&#xE1;n Grimolizzi</subfield>
    <subfield code="8"></subfield>
    <subfield code="g">CRON CRON</subfield>
  </datafield>
  <datafield tag="999" ind1=" " ind2=" ">
    <subfield code="c">12188</subfield>
    <subfield code="d">12188</subfield>
  </datafield>
  <datafield tag="952" ind1=" " ind2=" ">
    <subfield code="0">0</subfield>
    <subfield code="1">0</subfield>
    <subfield code="2">udc</subfield>
    <subfield code="4">0</subfield>
    <subfield code="7">0</subfield>
    <subfield code="a">AR-RoUNA</subfield>
    <subfield code="b">AR-RoUNA</subfield>
    <subfield code="d">2025-10-22</subfield>
    <subfield code="l">0</subfield>
    <subfield code="r">2025-10-22</subfield>
    <subfield code="w">2025-10-22</subfield>
    <subfield code="y">RECC</subfield>
    <subfield code="k">K360</subfield>
    <subfield code="x"></subfield>
  </datafield>
</record>
